Kinder als Opfer und Zeuge im Strafverfahren wegen sexuellen Mißbrauchs - Acht Thesen zur Rolle und Aufgabe des Amtsvormundes -
| Main Author: | |
|---|---|
| Format: | Print Article |
| Language: | German |
| Published: |
1993
|
| In: |
Der Amtsvormund
Year: 1993, Volume: 66, Issue: 6, Pages: 506-521 |
| Availability in Tübingen: | Present in Tübingen. IFK: 7966 |
| Check availability: | HBZ Gateway |
| Keywords: |
MARC
| LEADER | 00000caa a22000002c 4500 | ||
|---|---|---|---|
| 001 | 1639435603 | ||
| 003 | DE-627 | ||
| 005 | 20220608125053.0 | ||
| 007 | tu | ||
| 008 | 160223s1993 xx ||||| 00| ||ger c | ||
| 035 | |a (DE-627)1639435603 | ||
| 035 | |a (DE-576)455864802 | ||
| 035 | |a (DE-599)BSZ455864802 | ||
| 040 | |a DE-627 |b ger |c DE-627 |e rakwb | ||
| 041 | |a ger | ||
| 100 | 1 | |a Bracken, Rudolf von |0 (DE-588)1053349009 |0 (DE-627)789830396 |0 (DE-576)182064182 |4 aut | |
| 109 | |a Bracken, Rudolf von | ||
| 245 | 1 | 0 | |a Kinder als Opfer und Zeuge im Strafverfahren wegen sexuellen Mißbrauchs - Acht Thesen zur Rolle und Aufgabe des Amtsvormundes - |c Rudolf von Bracken |
| 264 | 1 | |c 1993 | |
| 336 | |a Text |b txt |2 rdacontent | ||
| 337 | |a ohne Hilfsmittel zu benutzen |b n |2 rdamedia | ||
| 338 | |a Band |b nc |2 rdacarrier | ||
| 773 | 0 | 8 | |i In |t Der Amtsvormund |d Heidelberg : Inst., 1951 |g 66(1993), 6, Seite 506-521 |w (DE-627)130125261 |w (DE-600)506733-9 |w (DE-576)015659380 |x 0003-2336 |7 nnas |
| 773 | 1 | 8 | |g volume:66 |g year:1993 |g number:6 |g pages:506-521 |
| 935 | |a mkri | ||
| 951 | |a AR | ||
| ELC | |b 1 | ||
| LOK | |0 000 xxxxxcx a22 zn 4500 | ||
| LOK | |0 001 3300035376 | ||
| LOK | |0 003 DE-627 | ||
| LOK | |0 004 1639435603 | ||
| LOK | |0 005 20160223095426 | ||
| LOK | |0 008 160208||||||||||||||||ger||||||| | ||
| LOK | |0 040 |a DE-21-110 |c DE-627 |d DE-21-110 | ||
| LOK | |0 689 |a s |a Sexueller Kindesmissbrauch | ||
| LOK | |0 689 |a s |a Strafverfahren | ||
| LOK | |0 689 |a s |a Amtsvormundschaft | ||
| LOK | |0 852 |a DE-21-110 | ||
| LOK | |0 852 1 |c 7966 |m p |9 00 | ||
| LOK | |0 935 |a k110 | ||
| LOK | |0 938 |k p | ||
| LOK | |0 939 |a 08-02-16 |b l01 | ||
| ORI | |a SA-MARC-krimdoka001.raw | ||
| SIG | |a IFK: 7966 | ||
